Caractérisation des déchets solides ménagers de la ville d’Adjarra (Record no. 52077)
[ view plain ]
| 000 -LEADER | |
|---|---|
| fixed length control field | 00488nam a22001457a 4500 |
| 003 - CONTROL NUMBER IDENTIFIER | |
| control field | 0 |
| 005 - DATE AND TIME OF LATEST TRANSACTION | |
| control field | 20160609172036.0 |
| 008 - FIXED-LENGTH DATA ELEMENTS--GENERAL INFORMATION | |
| fixed length control field | 130729t xxu||||| |||| 00| 0 eng d |
| 040 ## - SOURCE DU CATALOGAGE | |
| Original cataloging agency | BUAC |
| Language of cataloging | Fr. |
| Transcribing agency | BEPAC |
| 100 ## - VEDETTE PRINCIPALE - NOM DE PERSONNE | |
| Personal name | LANSOUKILO, Yaovi Léopold Norbert |
| 9 (RLIN) | 25705 |
| 245 ## - TITLE STATEMENT | |
| Title | Caractérisation des déchets solides ménagers de la ville d’Adjarra |
| Statement of responsibility, etc | LANSOUKILO, Yaovi Léopold Norbert |
| 260 ## - PUBLICATION, DISTRIBUTION, ETC. (IMPRINT) | |
| Place of publication, distribution, etc | Abomey-Calavi |
| Name of publisher, distributor, etc | EcolePolytechnique d’Abomey-Calavi |
| Date of publication, distribution, etc | 2008 |
| 300 ## - PHYSICAL DESCRIPTION | |
| Extent | 105p. |
| 942 ## - ADDED ENTRY ELEMENTS (KOHA) | |
| Koha item type | Thèse et Memoire |
| Withdrawn status | Lost status | Damaged status | Not for loan | Location (home branch) | Sublocation or collection (holding branch) | Date acquired | Source of acquisition | Koha issues (times borrowed) | Koha full call number | Piece designation (barcode) | Koha date last seen | Copy number | Price effective from | Koha item type |
|---|---|---|---|---|---|---|---|---|---|---|---|---|---|---|
| Bibliothèque American Corner de l'UAC | Bibliothèque American Corner de l'UAC | 29/07/2013 | EPAC | 28.GC/LAN | M18247EPAC | 29/07/2013 | 1 | 29/07/2013 | Thèse et Memoire | |||||
| Bibliothèque Ecole Polytechnique d'Abomey-Calavi | Bibliothèque Ecole Polytechnique d'Abomey-Calavi | 29/07/2013 | EPAC | 28.GC/LAN | M18248EPAC | 29/07/2013 | 2 | 29/07/2013 | Thèse et Memoire |